Biology. (6th ed.) (Record no. 30870)

MARC details
000 -LEADER
fixed length control field 00645nam a2200181 a 4500
008 - FIXED-LENGTH DATA ELEMENTS--GENERAL INFORMATION
fixed length control field 110901s2002 ||||||||||||||||| || u
020 ## - INTERNATIONAL STANDARD BOOK NUMBER
International Standard Book Number 0805366245
050 ## - LIBRARY OF CONGRESS CALL NUMBER
Classification number QH 308.2 Cam
100 ## - MAIN ENTRY--PERSONAL NAME
Personal name Campbell, Neil A
245 10 - TITLE STATEMENT
Title Biology. (6th ed.)
Statement of responsibility, etc. Neil A. Campbell; Jane B. Reece
250 ## - EDITION STATEMENT
Edition statement 6th ed.
260 ## - PUBLICATION, DISTRIBUTION, ETC.
Place of publication, distribution, etc. San Fracisco:
Name of publisher, distributor, etc. Benjamin Cummings
Date of publication, distribution, etc. 2002
300 ## - PHYSICAL DESCRIPTION
Extent xxix, 1247p.: ill.
350 ## -
-- 0.00
650 #0 - SUBJECT ADDED ENTRY--TOPICAL TERM
Topical term or geographic name entry element BIOLOGY
700 ## - ADDED ENTRY--PERSONAL NAME
Personal name Reece, Jane B
995 ## -
-- MEDICAL LIBRARY OPEN ACCESS
-- 0.00
-- 900888
-- CBU-SCHOOL OF MEDICINE LIBRARY (Ndola)
-- 1
-- 0.00
-- QH 308.2 Cam
-- 1
-- OUT
-- Oct 27, 2011
-- 900888
-- Medical Library Open Access Collection
999 ## -
-- 30870
-- 30870
Holdings
Withdrawn status Lost status Source of classification or shelving scheme Damaged status Not for loan Permanent Location Current Location Shelving location Date acquired Total Checkouts Full call number Barcode Date last seen Price effective from Koha item type
          CBU-SCHOOL OF MEDICINE LIBRARY, NDOLA. CBU-SCHOOL OF MEDICINE LIBRARY, NDOLA.   11/30/2022   QH 308.2 Cam 900888 11/30/2022 11/30/2022 MONOGRAPH